000 01197cam a22003617a 4500
003 CHAP
005 20220817043814.0
008 011105s2000 it rn 00010 eng d
010 _a84932
011 _a85904
020 _a9251045275
035 _a96442
040 _cCHAP
082 0 2 _a338.9
_bF3 v.146
110 2 _aFAO
245 1 0 _aApplications of the contingent valuation method in developing countries :
_ba survey
_c/ by Anna Alberini & Joseph Cooper
260 _aRoma :
_bFAO,
_c2000.
300 _a63 p. :
490 0 _aEconomic and Social Development paper
_v;146
590 _aBATCH-UPD
_b10
_c20130110
_lUCH01
_h0422
590 _aBATCH-UPD
_b10
_c20130410
_lUCH01
_h0057
590 _aBATCH-UPD
_b10
_c20130913
_lUCH01
_h2347
590 _aCONVERSION
_b10
_c20130109
_lUCH01
_h1347
650 0 4 _aEncuestas.
_936846
650 0 4 _aProductos agrícolas
_xSubproductos.
_992033
700 0 _aAlberini, Anna.
_93464
700 0 _aCooper, Joseph.
_927756
830 0 0 _aEconomic and Social Development paper
_v;146
_935204
901 _aBK
905 _aMayto Villalobos S.
942 _cLIBRO
949 _a338.9 F3 v.146
_bBC
_cLIBRO
_d33724000855904
_eLIBRO
_h101841
_i96442
_kDonaciØn
_sb
999 _c84932
_d84932